What is the global potential of quinoa?

La siguiente presentacin̤ magistral fue realizada por Sven-Erik en el Simposio Internacional de Investigacin̤ sobre la Quinua en Pullman, Washington, el 13 de agosto de 2013.

Đã lưu trong:
Chi tiết về thư mục
Tác giả khác: Jacobsen Sven Erik, Canal eOrganic / YouTube
Định dạng: Sách
Ngôn ngữ:Tiếng Anh
Những chủ đề:
Truy cập trực tuyến:What is the global potential of quinoa?
Các nhãn: Thêm thẻ
Không có thẻ, Là người đầu tiên thẻ bản ghi này!

MARC

LEADER 00000nam a22000004a 4500
001 vpro9048
005 20201223000000.0
008 150827s2015 ck # g## #001 0#eng#d
020
022
040 |a CO-BoINGC 
041 0 |a eng 
245 1 0 |a What is the global potential of quinoa? 
246 |a <U+00BF>Cul̀ es el potencial global de la quinua? 
264 |a Bogot ̀(Colombia) :  |b Revista VirtualPRO,  |c 2015 
520 3 |a La siguiente presentacin̤ magistral fue realizada por Sven-Erik en el Simposio Internacional de Investigacin̤ sobre la Quinua en Pullman, Washington, el 13 de agosto de 2013. 
650 \ \ |a Alimentos 
650 \ \ |a Quinua 
650 \ \ |a Semillas - Cultivo 
650 \ \ |a Agroindustria 
650 \ \ |a Food 
650 \ \ |a Quinoa 
650 \ \ |a Seed crops 
650 \ \ |a Agro-industry 
650 \ \ |a Industria de alimentos 
650 \ \ |a Agroindustria 
650 \ \ |a Granos andinos 
650 \ \ |a Quinoa 
650 \ \ |a Kn̕ua 
650 \ \ |a Kinuwa 
650 \ \ |a Chenopodium quinoa 
650 \ \ |a Food industry 
650 \ \ |a Agroindustry 
650 \ \ |a Andean grains 
650 \ \ |a Quinoa 
650 \ \ |a Kn̕ua 
650 \ \ |a Kinuwa 
650 \ \ |a Chenopodium quinoa  
700 \ \ |a Jacobsen Sven Erik  
700 \ \ |a Canal eOrganic / YouTube. 
856 |z What is the global potential of quinoa?  |u https://virtualpro.unach.elogim.com/biblioteca/-cual-es-el-potencial-global-de-la-quinua-